<?xml version="1.0" encoding="UTF-8"?>
<collection xmlns="http://www.loc.gov/MARC21/slim">
 <record>
  <leader>03512cam a2200589  b4500</leader>
  <controlfield tag="001">1123664161</controlfield>
  <controlfield tag="003">DE-627</controlfield>
  <controlfield tag="005">20240320183757.0</controlfield>
  <controlfield tag="007">tu</controlfield>
  <controlfield tag="008">960812s1996    xx |||||      00| ||ger c</controlfield>
  <datafield tag="020" ind1=" " ind2=" ">
   <subfield code="a">3792715856</subfield>
   <subfield code="9">3-7927-1585-6</subfield>
  </datafield>
  <datafield tag="035" ind1=" " ind2=" ">
   <subfield code="a">(DE-627)1123664161</subfield>
  </datafield>
  <datafield tag="035" ind1=" " ind2=" ">
   <subfield code="a">(DE-576)053664167</subfield>
  </datafield>
  <datafield tag="035" ind1=" " ind2=" ">
   <subfield code="a">(DE-599)BSZ053664167</subfield>
  </datafield>
  <datafield tag="035" ind1=" " ind2=" ">
   <subfield code="a">(OCoLC)37416910</subfield>
  </datafield>
  <datafield tag="035" ind1=" " ind2=" ">
   <subfield code="a">(OCoLC)231684104</subfield>
  </datafield>
  <datafield tag="035" ind1=" " ind2=" ">
   <subfield code="a">(DE-604)8109583922</subfield>
  </datafield>
  <datafield tag="040" ind1=" " ind2=" ">
   <subfield code="a">DE-627</subfield>
   <subfield code="b">ger</subfield>
   <subfield code="c">DE-627</subfield>
   <subfield code="e">rakwb</subfield>
  </datafield>
  <datafield tag="041" ind1=" " ind2=" ">
   <subfield code="a">ger</subfield>
  </datafield>
  <datafield tag="082" ind1="0" ind2=" ">
   <subfield code="a">911/.434</subfield>
  </datafield>
  <datafield tag="084" ind1=" " ind2=" ">
   <subfield code="a">9,10</subfield>
   <subfield code="2">ssgn</subfield>
  </datafield>
  <datafield tag="084" ind1=" " ind2=" ">
   <subfield code="a">NC 7300</subfield>
   <subfield code="2">rvk</subfield>
   <subfield code="0">(DE-625)rvk/124799:</subfield>
  </datafield>
  <datafield tag="084" ind1=" " ind2=" ">
   <subfield code="a">NR 3300</subfield>
   <subfield code="2">rvk</subfield>
   <subfield code="0">(DE-625)rvk/129260:</subfield>
  </datafield>
  <datafield tag="084" ind1=" " ind2=" ">
   <subfield code="a">NR 7300</subfield>
   <subfield code="2">rvk</subfield>
   <subfield code="0">(DE-625)rvk/129731:</subfield>
  </datafield>
  <datafield tag="084" ind1=" " ind2=" ">
   <subfield code="a">15.53</subfield>
   <subfield code="2">bkl</subfield>
  </datafield>
  <datafield tag="100" ind1="1" ind2=" ">
   <subfield code="a">Binding, Günther</subfield>
   <subfield code="d">1936-</subfield>
   <subfield code="0">(DE-588)119464136</subfield>
   <subfield code="0">(DE-627)080278604</subfield>
   <subfield code="0">(DE-576)160298946</subfield>
   <subfield code="4">aut</subfield>
  </datafield>
  <datafield tag="245" ind1="1" ind2="0">
   <subfield code="a">Vorromanische Kirchenbauten</subfield>
   <subfield code="c">von Günther Binding</subfield>
  </datafield>
  <datafield tag="264" ind1=" " ind2="1">
   <subfield code="a">Köln</subfield>
   <subfield code="b">Rheinland-Verl.</subfield>
   <subfield code="c">1996</subfield>
  </datafield>
  <datafield tag="300" ind1=" " ind2=" ">
   <subfield code="a">60 S.</subfield>
   <subfield code="b">Ill.</subfield>
  </datafield>
  <datafield tag="336" ind1=" " ind2=" ">
   <subfield code="a">Text</subfield>
   <subfield code="b">txt</subfield>
   <subfield code="2">rdacontent</subfield>
  </datafield>
  <datafield tag="337" ind1=" " ind2=" ">
   <subfield code="a">ohne Hilfsmittel zu benutzen</subfield>
   <subfield code="b">n</subfield>
   <subfield code="2">rdamedia</subfield>
  </datafield>
  <datafield tag="338" ind1=" " ind2=" ">
   <subfield code="a">Band</subfield>
   <subfield code="b">nc</subfield>
   <subfield code="2">rdacarrier</subfield>
  </datafield>
  <datafield tag="490" ind1="1" ind2=" ">
   <subfield code="a">Geschichtlicher Atlas der Rheinlande / hrsg. von Franz Irsigler</subfield>
   <subfield code="v">Beih. 12,3</subfield>
  </datafield>
  <datafield tag="490" ind1="1" ind2=" ">
   <subfield code="a">Publikationen der Gesellschaft für Rheinische Geschichtskunde</subfield>
   <subfield code="v">12,N.F.,1b</subfield>
  </datafield>
  <datafield tag="583" ind1="1" ind2=" ">
   <subfield code="a">Archivierung/Langzeitarchivierung gewährleistet</subfield>
   <subfield code="f">SSG</subfield>
   <subfield code="x">XA-DE-BW</subfield>
   <subfield code="2">pdager</subfield>
   <subfield code="5">DE-16</subfield>
  </datafield>
  <datafield tag="689" ind1="0" ind2="0">
   <subfield code="d">g</subfield>
   <subfield code="0">(DE-588)4049788-4</subfield>
   <subfield code="0">(DE-627)106185594</subfield>
   <subfield code="0">(DE-576)209083638</subfield>
   <subfield code="a">Rheinland</subfield>
   <subfield code="2">gnd</subfield>
  </datafield>
  <datafield tag="689" ind1="0" ind2="1">
   <subfield code="d">s</subfield>
   <subfield code="0">(DE-588)4073436-5</subfield>
   <subfield code="0">(DE-627)104791268</subfield>
   <subfield code="0">(DE-576)209190450</subfield>
   <subfield code="a">Kirchenbau</subfield>
   <subfield code="2">gnd</subfield>
  </datafield>
  <datafield tag="689" ind1="0" ind2="2">
   <subfield code="a">z</subfield>
   <subfield code="2">gnd</subfield>
   <subfield code="a">Geschichte 300-1020</subfield>
  </datafield>
  <datafield tag="689" ind1="0" ind2=" ">
   <subfield code="5">(DE-627)</subfield>
  </datafield>
  <datafield tag="787" ind1="0" ind2="8">
   <subfield code="i">Rezensiert in</subfield>
   <subfield code="a">Binding, Günther, 1936 - </subfield>
   <subfield code="t">[Rezension von: Vorromanische Kirchenbauten]</subfield>
   <subfield code="d">Kevelaer, Rhld. : Verlag Butzon &amp; Berker, 1969</subfield>
   <subfield code="w">(DE-627)1771617330</subfield>
  </datafield>
  <datafield tag="810" ind1="2" ind2=" ">
   <subfield code="a">Gesellschaft für Rheinische Geschichtskunde</subfield>
   <subfield code="t">Publikationen der Gesellschaft für Rheinische Geschichtskunde</subfield>
   <subfield code="v">12,N.F.,1b</subfield>
   <subfield code="9">12,2123</subfield>
   <subfield code="w">(DE-627)130170194</subfield>
   <subfield code="w">(DE-576)015714454</subfield>
   <subfield code="w">(DE-600)520552-9</subfield>
   <subfield code="x">0930-8822</subfield>
   <subfield code="7">ns</subfield>
  </datafield>
  <datafield tag="830" ind1=" " ind2="0">
   <subfield code="a">Geschichtlicher Atlas der Rheinlande</subfield>
   <subfield code="v">Beih. 12,3</subfield>
   <subfield code="9">2,12,3</subfield>
   <subfield code="w">(DE-627)1078906254</subfield>
   <subfield code="w">(DE-576)008906254</subfield>
   <subfield code="7">nm</subfield>
  </datafield>
  <datafield tag="936" ind1="r" ind2="v">
   <subfield code="a">NC 7300</subfield>
   <subfield code="b">Historische Atlanten</subfield>
   <subfield code="k">Geschichte</subfield>
   <subfield code="k">Historische Hilfsmittel</subfield>
   <subfield code="k">Atlanten und Karten</subfield>
   <subfield code="k">Atlanten, Kartensammlungen und Einzelkarten</subfield>
   <subfield code="k">Historische Atlanten</subfield>
   <subfield code="0">(DE-627)1270820745</subfield>
   <subfield code="0">(DE-625)rvk/124799:</subfield>
   <subfield code="0">(DE-576)200820745</subfield>
  </datafield>
  <datafield tag="936" ind1="r" ind2="v">
   <subfield code="a">NR 3300</subfield>
   <subfield code="b">Landesgeschichte</subfield>
   <subfield code="k">Geschichte</subfield>
   <subfield code="k">Landes- und Stadtgeschichte (Allgemeine, Deutsche und Österreichische Landes- und Stadtgeschichte, Ausländische Stadtgeschichte, Geschichte der Auslanddeutschen)</subfield>
   <subfield code="k">Deutsche Landesgeschichte im Einzelnen (einschl. ehemaliger deutscher Gebiete)</subfield>
   <subfield code="k">Niederrhein, Nordrhein-Westfalen</subfield>
   <subfield code="k">Landesgeschichte</subfield>
   <subfield code="0">(DE-627)1271473666</subfield>
   <subfield code="0">(DE-625)rvk/129260:</subfield>
   <subfield code="0">(DE-576)201473666</subfield>
  </datafield>
  <datafield tag="936" ind1="r" ind2="v">
   <subfield code="a">NR 7300</subfield>
   <subfield code="b">Landesgeschichte</subfield>
   <subfield code="k">Geschichte</subfield>
   <subfield code="k">Landes- und Stadtgeschichte (Allgemeine, Deutsche und Österreichische Landes- und Stadtgeschichte, Ausländische Stadtgeschichte, Geschichte der Auslanddeutschen)</subfield>
   <subfield code="k">Deutsche Landesgeschichte im Einzelnen (einschl. ehemaliger deutscher Gebiete)</subfield>
   <subfield code="k">Pommern</subfield>
   <subfield code="k">Landesgeschichte</subfield>
   <subfield code="0">(DE-627)1271474301</subfield>
   <subfield code="0">(DE-625)rvk/129731:</subfield>
   <subfield code="0">(DE-576)201474301</subfield>
  </datafield>
  <datafield tag="936" ind1="b" ind2="k">
   <subfield code="a">15.53</subfield>
   <subfield code="j">Nordrhein-Westfalen</subfield>
   <subfield code="x">Geschichte</subfield>
   <subfield code="q">coli-conc RVK-&gt;BK</subfield>
   <subfield code="q">https://coli-conc.gbv.de/api/mappings/d17ec87c-da91-46a5-b0b6-fc2fa6cbe462</subfield>
   <subfield code="0">(DE-627)181571595</subfield>
  </datafield>
  <datafield tag="951" ind1=" " ind2=" ">
   <subfield code="a">MV</subfield>
  </datafield>
  <datafield tag="990" ind1=" " ind2=" ">
   <subfield code="a">Rheinland</subfield>
  </datafield>
  <datafield tag="990" ind1=" " ind2=" ">
   <subfield code="a">Kirchenbau</subfield>
  </datafield>
  <datafield tag="990" ind1=" " ind2=" ">
   <subfield code="a">Geschichte 300-1020</subfield>
  </datafield>
  <datafield tag="991" ind1=" " ind2=" ">
   <subfield code="a">Rezensiertes Werk</subfield>
  </datafield>
  <datafield tag="999" ind1=" " ind2=" ">
   <subfield code="a">KXP-PPN1123664161</subfield>
   <subfield code="e">4488558623</subfield>
  </datafield>
 </record>
</collection>
